000 00555nam a2200169Ia 4500
008 090711s9999 xx 000 0 und d
082 _b412
100 _aदेशपांडे रमाकांत
245 _aगीत शाकुतल
260 _bगांगल प्रकाशन
_c1998
300 _a114
600 _aदेशपांडे रमाकांत
630 _aगीत शाकुतल
700 _aदेशपांडे रमाकांत
730 _aगीत शाकुतल
942 _cBOOK
999 _c332567
_d332567